Normal view
MARC view
- الفلاسفة اليونانيون- تراجم
Entry Topical Term
001 - CONTROL NUMBER
- control field: 24062
003 - CONTROL NUMBER IDENTIFIER
- control field: JO-AjAnu
005 - DATE AND TIME OF LATEST TRANSACTION
- control field: 20230606074129.0
008 - FIXED-LENGTH DATA ELEMENTS
- fixed length control field: 230606|| aca||aabn | a|a d
040 ## - CATALOGING SOURCE
- Original cataloging agency: JO-AjAnu
- Transcribing agency: JO-AjAnu
150 ## - HEADING--TOPICAL TERM
- Topical term or geographic name entry element: الفلاسفة اليونانيون- تراجم
670 ## - SOURCE DATA FOUND
- Source citation: Work cat.: (JO-AjAnu)12370: ودفين،روبرت ، جروفس،جودي ، إمام،إمام عبد الفتاح /ترجمة, author 24061, أرسطو